Laddar...
UGC NET/SET (JRF & LS) Philosophy Paper 2 & Paper 3 /
| Huvudupphovsman: | |
|---|---|
| Materialtyp: | Printed Book |
| Språk: | English |
| Publicerad: |
New Delhi :
Arihant,
2014.
|
| LEADER | 00465nam a22001337a 4500 | ||
|---|---|---|---|
| 008 | 160422t2014 ii ||||| |||| 00| 0 eng d | ||
| 020 | |a 9789351415022 |c Rs. 475.00 | ||
| 100 | |a Chetna Gupta | ||
| 245 | |a UGC NET/SET (JRF & LS) Philosophy Paper 2 & Paper 3 / |c Chetna Gupta | ||
| 260 | |a New Delhi : |b Arihant, |c 2014. | ||
| 300 | |a 664 p. ; | ||
| 942 | |c REF | ||
| 999 | |c 277676 |d 277676 | ||
| 952 | |0 0 |1 0 |2 ddc |4 0 |7 0 |9 312300 |a PHL |b PHL |c REF |d 2016-04-22 |g 475.00 |i 5536 |l 0 |p PHL5536 |r 2021-03-23 |y REF | ||